| 000 | 00578nam a2200181Ia 4500 | ||
|---|---|---|---|
| 008 | 100921s9999 xx 000 0 und d | ||
| 082 |
_b26855 _a891.468 0 |
||
| 100 | _aकुसुमाग्रज (शिरवाडकर वि.वा.). | ||
| 245 | _aसमिधा. | ||
| 260 |
_bदेशमुख आणि कंपनी,पुणे. _c0 |
||
| 300 |
_a100 _b--- |
||
| 365 | _b3 | ||
| 520 | _aललित-संकीर्ण. | ||
| 630 | _aसमिधा. | ||
| 650 | _aललित-संकीर्ण. | ||
| 730 | _aसमिधा. | ||
| 942 | _cBOOK | ||
| 999 |
_c775968 _d775965 |
||